[Event "DMP Ekstraliga"]
[Site "Karpacz POL"]
[Date "2008.09.06"]
[Round "1"]
[White "Socko,B"]
[Black "Wojtaszek,R"]
[Result "0-1"]
[WhiteElo "2627"]
[BlackElo "2593"]

1.d4 Nf6 2.c4 e6 3.Nc3 Bb4 4.Nf3 b6 5.Bg5 h6 6.Bh4 g5 7.Bg3 Ne4 8.Qc2 Bb7
9.e3 Bxc3+ 10.bxc3 Nxg3 11.hxg3 Qe7 12.g4 Nc6 13.Bd3 O-O-O 14.c5 h5 15.gxh5 g4
16.Nd2 f5 17.cxb6 axb6 18.Nf1 Qg5 19.Ng3 Ne7 20.Rh2 Nd5 21.c4 Nb4 22.Qd2 Nxd3+
23.Qxd3 Rdf8 24.O-O-O f4 25.exf4 Rxf4 26.Qe3 Qf6 27.Rd2 c5 28.Qe5 Qxe5 29.dxe5 Rxc4+
30.Rc2 Rf4 31.Re2 Kc7 32.Kd2 Ba6 33.Ke3 Rhf8 34.Rb2 Rd4 35.Rd2 Ra4 36.Rb2 Ra3+
37.Rb3 Rxa2 38.h6 Raxf2 39.h7 R8f3+ 40.gxf3 Rxh2 41.fxg4 Rxh7 42.g5 Rh4 43.Ne4 Rh3+
44.Kf4 Rxb3 45.g6 Bd3 46.g7 Bxe4 47.g8=Q Bd5 48.Qg7 c4 49.Qe7 Bc6 50.Qd6+ Kb7
51.Qd4 Bd5 52.Kg5 Rf3 53.Kg4 Rd3 54.Qa1 Bc6 55.Qa2 c3 56.Qc4 Re3 57.Qb3 b5  0-1

[Event "XXV Aniversario"]
[Site "Parla ESP"]
[Date "2008.09.06"]
[Round "1"]
[White "Barbosa Martinez,M"]
[Black "Ferreiro Calvo,M"]
[Result "0-1"]
[WhiteElo "1779"]
[BlackElo "2034"]

1.d4 Nf6 2.c4 e6 3.Nc3 Bb4 4.Nf3 b6 5.a3 Bxc3+ 6.bxc3 Bb7 7.e3 O-O 8.Bd3 Ne4
9.Qc2 f5 10.O-O d6 11.Nd2 Nxd2 12.Bxd2 Qh4 13.f3 Nd7 14.Be1 Qh5 15.Bg3 Rf6
16.f4 Rh6 17.e4 Nf6 18.Be2 Qg6 19.exf5 exf5 20.Bf3 Bxf3 21.Rxf3 Qh5 22.Re1 Ne4
23.Rxe4 fxe4 24.Qxe4 Re8 25.Qb7 Qf7 26.d5 a5 27.Bf2 Rf6 28.g3 Qh5 29.Kg2 Rf7
30.Qc6 Rfe7 31.Qb5 Re2 32.Qd7 Qf7 33.Qxf7+ Kxf7 34.g4 Ra2 35.Kg3 Rxa3 36.h4 Ra4
37.Rd3 Rxc4 38.g5 Ra4 39.h5 Ra2 40.f5 Ree2 41.g6+ Kg8 42.Rf3 Rxf2 43.Re3 hxg6
44.fxg6 Rfe2 45.Rxe2 Rxe2 46.Kf4 a4 47.Kf5 Re5+  0-1

[Event "DMP Ekstraliga"]
[Site "Karpacz POL"]
[Date "2008.09.08"]
[Round "3"]
[White "Socko,B"]
[Black "Fedorchuk,S"]
[Result "1/2-1/2"]
[WhiteElo "2627"]
[BlackElo "2624"]

1.d4 Nf6 2.c4 e6 3.Nc3 Bb4 4.Nf3 c5 5.g3 cxd4 6.Nxd4 Ne4 7.Qd3 Qa5 8.Nb3 Nxc3
9.Bd2 Ne4 10.Qxe4 Bxd2+ 11.Nxd2 Nc6 12.Bg2 O-O 13.Qe3 d5 14.O-O d4 15.Qd3 Rd8
16.a3 Ne5 17.Qc2 Qc7 18.Rfd1  1/2-1/2

[Event "Open"]
[Site "Herzliya ISR"]
[Date "2008.09.09"]
[Round "6"]
[White "Amit,Y"]
[Black "Kinberg,O"]
[Result "1/2-1/2"]
[WhiteElo "2198"]
[BlackElo "2118"]

1.d4 Nf6 2.c4 e6 3.Nc3 Bb4 4.Nf3 b6 5.Bg5 h6 6.Bh4 Bb7 7.e3 O-O 8.Be2 d6
9.O-O Bxc3 10.bxc3 Nbd7 11.Qc2 Re8 12.Nd2 e5 13.Rae1 Nf8 14.Qf5 Qd7 15.Qb1 N8h7
16.Bf3 e4 17.Bd1 h5 18.f3 g5 19.Bf2 Re7 20.d5 Nf8 21.Nxe4 Nxe4 22.fxe4 Ba6
23.Be2 Rae8 24.Rd1 Ng6 25.Bxh5 Bxc4 26.Bxg6 fxg6 27.Rfe1 Rxe4 28.Rd4 Qf5
29.Red1 Rxd4 30.exd4 Qxb1 31.Rxb1 Bxa2 32.Re1 Rxe1+ 33.Bxe1 Kf7 34.Bd2 Kf6
35.Kf2 Bxd5 36.g4 a5 37.Bc1 Be6 38.Kf3 Bd5+ 39.Ke3 c5 40.Ba3 Ke6 41.Ke2 Bb3
42.Kd3 Kd5 43.dxc5 dxc5 44.Bc1 b5 45.Bxg5 Bd1 46.h3 Bf3 47.Kc2 Bg2 48.h4 Bf3
49.h5 gxh5 50.gxh5 Bxh5 51.Be7 Kc4 52.Kb2 Bg6 53.Bf8 b4 54.Bg7 b3 55.Bf6 a4
56.Bg7 Be8 57.Bf8 Bg6 58.Be7 Bf5 59.Bf8 Be6 60.Be7 Bd5 61.Bf8 Kb5 62.Be7 Kc4
63.Bf8 Bf3 64.Be7 Be4 65.Bf8 a3+ 66.Kxa3 Kxc3 67.Bxc5 b2 68.Bd4+  1/2-1/2

[Event "3rd XtraCon EMT"]
[Site "Borup DEN"]
[Date "2008.09.11"]
[Round "5"]
[White "Tikkanen,H"]
[Black "Jakobsen,O"]
[Result "1-0"]
[WhiteElo "2417"]
[BlackElo "2358"]

1.d4 Nf6 2.c4 e6 3.Nc3 Bb4 4.Nf3 c5 5.g3 Nc6 6.Bg2 Ne4 7.Bd2 Bxc3 8.bxc3 O-O
9.O-O Na5 10.Bf4 d5 11.cxd5 Nxc3 12.Qd3 cxd4 13.Nxd4 Nxd5 14.Bd2 Nc6 15.Nxc6 bxc6
16.Rfc1 Bb7 17.Rab1 Qc8 18.e4 Nb6 19.Qe3 Rd8 20.Bc3 Rd7 21.Rd1 Rxd1+ 22.Rxd1 Qf8
23.Bd4 Rd8 24.Bf1 e5 25.Bc5 Rxd1 26.Bxf8 Ba6 27.Bb4 Bxf1 28.h4 h6 29.Kh2 Bc4
30.Qc5 Be6 31.Qxc6 Rd7 32.a3 Kh7 33.Kg2 Bb3 34.Ba5 Ba4 35.Qc5 f6 36.Bxb6 axb6
37.Qxb6 Rd4 38.Qb1 Rd1 39.Qb2 Rd4 40.f3 Rd3 41.Kf2 Bd1 42.Qb1 Rd4 43.Ke3 Ba4
44.Qc1 Rd1 45.Qc4 Rd4 46.Qc5 Bb3 47.Qc3 Bd1 48.f4 Bg4 49.Qb3 Bd7 50.Qb7 Bg4
51.fxe5 fxe5 52.Qb5 Bh3 53.Qxe5 Ra4 54.Qb2 Bd7 55.Qc3 Bb5 56.e5 Rc4 57.Qb3 Ba6
58.e6  1-0

[Event "3rd PGMA Cup"]
[Site "Manila PHI"]
[Date "2008.09.12"]
[Round "9"]
[White "Li Shilong"]
[Black "Legaspi,R"]
[Result "1-0"]
[WhiteElo "2511"]
[BlackElo "2315"]

1.d4 Nf6 2.c4 e6 3.Nc3 Bb4 4.Nf3 c5 5.g3 cxd4 6.Nxd4 Nc6 7.Bg2 Qb6 8.Nc2 Bxc3+
9.bxc3 Ne5 10.Ne3 O-O 11.Ba3 Rd8 12.Qd4 Qxd4 13.cxd4 Nc6 14.d5 Ne5 15.Bd6 Ng6
16.Bc7 Rf8 17.d6 Ne5 18.a4 Nc6 19.a5 Ne8 20.Kd2 f6 21.c5 Kf7 22.Rhb1 g6 23.Nc4 a6
24.Bb6 Ng7 25.g4 e5 26.Bd5+ Ne6 27.e3 Kg7 28.h4 h6 29.Kc3 Ned8 30.f4 exf4
31.exf4 Re8 32.Re1 Rxe1 33.Rxe1 Kf8 34.g5  1-0

[Event "61st ch-RUS HL"]
[Site "Novokuznetsk RUS"]
[Date "2008.09.12"]
[Round "9"]
[White "Kornev,Alexei"]
[Black "Kiriakov,P"]
[Result "1-0"]
[WhiteElo "2523"]
[BlackElo "2553"]

1.c4 e6 2.Nf3 Nf6 3.d4 Bb4+ 4.Nc3 c5 5.g3 cxd4 6.Nxd4 O-O 7.Bg2 d5 8.cxd5 Nxd5
9.Qb3 Qb6 10.Bxd5 exd5 11.Be3 Bxc3+ 12.Qxc3 Qa6 13.Rc1 Nc6 14.O-O Bh3 15.Nxc6 bxc6
16.Rfe1 Qxa2 17.Ra1 Qc4 18.Qxc4 dxc4 19.Bxa7 h5 20.Bd4 Kh7 21.f3 f6 22.Kf2 Be6
23.Bc3 Kg6 24.Red1 Kf7 25.h3 Rh8 26.Rxa8 Rxa8 27.g4 hxg4 28.hxg4 Ke7 29.Rg1 Rh8
30.g5 Rh2+ 31.Ke3 Bf7 32.Bb4+ Ke6 33.gxf6 gxf6 34.Rd1 Be8 35.Rd6+ Kf7 36.Bc3 Rh6
37.Rd4 Rh5 38.Rf4 f5 39.Rxc4 Rh2 40.Rd4 Rg2 41.Rd2 Ke6 42.Bb4 Ke5 43.Rd8 Bh5
44.Kd3 Bf7 45.Rd7 Bd5 46.Rd6 Kf4 47.Bd2+ Ke5 48.Rh6 Ba2 49.Bb4 Be6 50.Ba5 Kd6
51.Bc7+ Kd7 52.Rh7+ Ke8 53.Bd6 Bc8 54.Ra7 Bd7 55.Bc5 Rh2 56.b4 Rg2 57.Ke3 Rh2
58.Kd3 Rg2 59.Kd2 Rh2 60.Ke1 Rg2 61.Bd6 Rg6 62.Bf4 Rg1+ 63.Kf2 Rd1 64.Be3 Rb1
65.Bc5 Rb2 66.Ke3 Kd8 67.Kd3 Be6 68.Re7 Bd7 69.Ke3 Rc2 70.Kf4 Rc4+ 71.Kg5 Rc2
72.Kf6 Rd2 73.e3 Rd5 74.Rh7 Kc8 75.Rh1 Rd3 76.Ra1 f4 77.Ra8+ Kb7 78.Ra7+ Kb8
79.e4 Bh3 80.e5 Rxf3 81.e6 Bg4 82.Rg7 Bh5 83.Rg5 Rh3 84.e7  1-0

[Event "EYb18"]
[Site "Herceg Novi MNE"]
[Date "2008.09.16"]
[Round "2"]
[White "Kasela,S"]
[Black "Hanley,Ja"]
[Result "1/2-1/2"]
[WhiteElo "1979"]
[BlackElo "2243"]

1.d4 Nf6 2.c4 e6 3.Nc3 Bb4 4.Nf3 b6 5.Bd2 O-O 6.e3 d5 7.cxd5 exd5 8.Bd3 Bb7
9.O-O Nbd7 10.Rc1 Qe7 11.a3 Bxc3 12.Bxc3 Ne4 13.Bb5 Ndf6 14.b4 Nd6 15.Bd3 Nfe4
16.b5 a5 17.a4 Nc4 18.Qb3 Ned6 19.Bb2 Rac8 20.Ba3 Qf6 21.Rc3 Rfe8 22.Qc2 h6
23.Bxd6 cxd6 24.Nd2 Qg5 25.Nf3 Qf6 26.Rc1 Rcd8 27.Qe2 Re6 28.Ne1 Qg5 29.Bxc4 dxc4
30.Rxc4 Rg6 31.f3 Re8 32.R1c3 Rge6 33.Nc2 h5 34.Rc7 Bd5 35.Rc8 h4 36.e4 h3
37.Ne1 hxg2 38.Rxe8+ Rxe8 39.Qxg2 Qf6 40.Nc2 Be6 41.Qg3 Qh6 42.Ne3 Qf6 43.Nc2 Qh6
44.Ne3 Qf6 45.Nc2 Qh6  1/2-1/2

[Event "EYb18"]
[Site "Herceg Novi MNE"]
[Date "2008.09.18"]
[Round "4"]
[White "Anton,T"]
[Black "Krejci,Jan2"]
[Result "1/2-1/2"]
[WhiteElo "2353"]
[BlackElo "2305"]

1.d4 Nf6 2.c4 e6 3.Nc3 Bb4 4.Nf3 c5 5.g3 Nc6 6.Bg2 Ne4 7.Qd3 cxd4 8.Nxd4 Nc5
9.Qe3 O-O 10.O-O Qf6 11.Ncb5 Na6 12.Nb3 d5 13.cxd5 exd5 14.a3 Be7 15.Bxd5 Bh3
16.Rd1 Rad8 17.Nc3 Nc7 18.Bg2 Bxg2 19.Kxg2 Ne5 20.Nd4 Bc5 21.Ne4 Qb6 22.Nxc5 Qxc5
23.Nf3 Qxe3 24.Bxe3 Nc6 25.Nd4 Nd5 26.Bg5 f6 27.Ne6 fxg5 28.Nxd8 Rxd8 29.e4 Nb6
30.Rxd8+ Nxd8 31.f4 gxf4 32.gxf4 Kf7 33.Rc1 Nc6 34.Kf3 Ke6 35.Ke3 g6 36.h4 Nd7
37.h5 Nf6 38.hxg6 hxg6 39.e5 Nd5+ 40.Ke4 Nde7 41.Rd1 Nf5 42.Rg1 Nce7 43.b4 a6
44.a4 Ng7 45.b5 a5 46.b6 Ngf5 47.Rg2 Kd7 48.Rd2+ Kc6 49.Rb2 Nd5 50.Rc2+ Kxb6
51.e6 Nb4 52.Rg2 Ne7 53.Ke5 Kc7 54.Rd2 Kc6 55.Rd6+ Kc5 56.Rd7 Nbd5 57.Rxb7 Nc6+
58.Ke4 Nf6+ 59.Kd3 Kd6 60.Kc4  1/2-1/2

[Event "4th ch-EU"]
[Site "Liverpool ENG"]
[Date "2008.09.18"]
[Round "10"]
[White "Blackburn,J"]
[Black "Logothetis,S"]
[Result "1/2-1/2"]
[WhiteElo "2196"]
[BlackElo "2318"]

1.d4 Nf6 2.c4 e6 3.Nc3 Bb4 4.Nf3 d5 5.Qa4+ Nc6 6.Ne5 Bd7 7.Nxd7 Nxd7 8.e3 Nb6
9.Qb3 dxc4 10.Bxc4 Nxc4 11.Qxc4 Qd5 12.Qxd5 Bxc3+ 13.bxc3 exd5 14.Rb1 O-O-O
15.h4 Na5 16.g4 Rhe8 17.Ke2 Re6 18.Kd3 Rf6  1/2-1/2

[Event "Liga Nacional Ajedrez"]
[Site "Villa Martelli ARG"]
[Date "2008.09.20"]
[Round "7"]
[White "Nieva,J"]
[Black "Mareco,S"]
[Result "1-0"]
[WhiteElo "2108"]
[BlackElo "2477"]

1.d4 Nf6 2.c4 e6 3.Nc3 Bb4 4.Nf3 O-O 5.Bg5 h6 6.Bh4 b6 7.e3 Bb7 8.Be2 g5
9.Bg3 Ne4 10.Qc2 f5 11.Rd1 d6 12.Nd2 Nxd2 13.Rxd2 Bxg2 14.Rg1 Bh3 15.f4 g4
16.Bxg4 Bxg4 17.h3 h5 18.hxg4 hxg4 19.Rh2 Nd7 20.Bh4 Qe8 21.Bg5 Qf7 22.Rgh1 Qg7
23.Rh8+ Qxh8 24.Rxh8+ Kxh8 25.Qh2+ Kg8 26.Qh6 Rf7 27.Qg6+ Rg7 28.Qxe6+ Rf7
29.Qg6+ Rg7 30.Qxf5 Re8 31.e4 g3 32.Kf1 Bxc3 33.bxc3 Rf8 34.Qd5+ Kh7 35.Kg2 Rg6
36.e5 Kg7 37.e6 Nf6 38.Qc6  1-0

[Event "EYb18"]
[Site "Herceg Novi MNE"]
[Date "2008.09.21"]
[Round "6"]
[White "Kasela,S"]
[Black "Hrabusa,M"]
[Result "1-0"]
[WhiteElo "1979"]
[BlackElo "2246"]

1.d4 Nf6 2.c4 e6 3.Nc3 Bb4 4.Nf3 b6 5.Bd2 Bb7 6.g3 c5 7.a3 Ba5 8.dxc5 bxc5
9.Bg2 O-O 10.O-O d5 11.cxd5 exd5 12.Bg5 Bxc3 13.bxc3 h6 14.Bxf6 Qxf6 15.c4 d4
16.Qd3 Re8 17.Rfe1 Be4 18.Qb3 Qc6 19.Nh4 Bxg2 20.Nxg2 Nd7 21.Nf4 Rab8 22.Qc2 Nf6
23.Rab1 Rb6 24.Rxb6 axb6 25.Rb1 Ra8 26.Qb3 Ra6 27.h4 Ne4 28.Nd5 Kf8 29.Qd3 Qg6
30.Rxb6 Rxb6 31.Nxb6 Qf5 32.f3 Qe6 33.Qxe4 Qxb6 34.a4 Qa5 35.Qc2 Qc3 36.Qa2 Qa5
37.Kf2 g6 38.Qb3 Qd2 39.Qb8+ Kg7 40.Qe5+ Kh7 41.h5 Qb4 42.hxg6+ Kxg6 43.Qd5 Qxa4
44.Qxc5 Qa1 45.Qd6+ f6 46.Qf8 Qc3 47.Qg8+ Kf5 48.Qe8 Qc2 49.Qh5+ Ke6 50.Qd5+ Ke7
51.Qxd4 Qa4 52.Qe3+ Kf7 53.c5 Qc6 54.Qb3+ Kg6 55.Qb6 Qd7 56.Qb1+ Kg7 57.Qe4 Qa7
58.Qd5 Qa5 59.Kg2 Qb5 60.Kf2 Qa5 61.Qd7+ Kg6 62.Qg4+ Kf7 63.Qc4+ Ke7 64.c6 Qb6+
65.Kg2 Qc7 66.Qe4+  1-0

[Event "EYg16"]
[Site "Herceg Novi MNE"]
[Date "2008.09.21"]
[Round "6"]
[White "Trapeznikova,D"]
[Black "Zalimaite,I"]
[Result "1-0"]
[WhiteElo "1919"]
[BlackElo "1844"]

1.d4 e6 2.c4 Nf6 3.Nc3 Bb4 4.Nf3 b6 5.Bg5 Bb7 6.e3 O-O 7.Bd3 h6 8.Bh4 a5
9.O-O Bxc3 10.bxc3 d5 11.Rb1 dxc4 12.Bxc4 Nbd7 13.Qe2 Qc8 14.Bd3 Ne4 15.Rfc1 a4
16.Bb5 Ndf6 17.Ne5 g5 18.Bg3 Nxg3 19.fxg3 Kg7 20.Rf1 Ne4 21.Qh5 Nf6 22.Rxf6 Kxf6
23.Rf1+ Ke7 24.Rxf7+ Rxf7 25.Qxf7+ Kd6 26.Nc4+  1-0

[Event "5th Highlands Open A"]
[Site "Zdar nad Sazavou CZE"]
[Date "2008.09.22"]
[Round "3"]
[White "Stocek,J"]
[Black "Cifka,S"]
[Result "1-0"]
[WhiteElo "2559"]
[BlackElo "2439"]

1.c4 Nf6 2.d4 e6 3.Nc3 Bb4 4.Nf3 c5 5.g3 cxd4 6.Nxd4 Ne4 7.Qc2 Nxc3 8.bxc3 Be7
9.Bg2 Qc7 10.Nb5 Qxc4 11.Qb3 Qxb3 12.axb3 Na6 13.Rxa6 bxa6 14.Nc7+ Kd8 15.Nxa8 d5
16.Bf4 g5 17.Be5 f6 18.Bb8 Bb7 19.Nc7 Kd7 20.Nxe6 Rxb8 21.Nd4 Bc5 22.Kd2 Bc6
23.Nxc6 Kxc6 24.b4 Bb6 25.Ra1 a5 26.bxa5 Bc5 27.Kc2 Kd6 28.e3 Ke6 29.Rc1 Rd8
30.c4 Bb4 31.a6 Ke7 32.Bxd5 Rd6 33.Ra1 Rb6 34.g4 Bd6 35.h3 Be5 36.Ra2 Kd6
37.f3 h6 38.Ra5 Rb2+ 39.Kd3 Bh2 40.Kd4 Bg1 41.Rb5 Rxb5 42.cxb5 Kc7 43.Ke4 Kb6
44.Bc4 Kc5 45.Bf1 Bf2 46.Kf5 Bxe3 47.Kxf6 Kd6 48.Kg6 Ke5 49.Kxh6 Kf4 50.Kh5 Kxf3
51.h4 gxh4 52.g5 Kf2 53.g6 Bd4 54.b6  1-0

[Event "Zvenigorodskaya Open A"]
[Site "Zvenigorod RUS"]
[Date "2008.09.25"]
[Round "1"]
[White "Sergienko,S"]
[Black "Bocharov,D"]
[Result "0-1"]
[WhiteElo "2432"]
[BlackElo "2582"]

1.d4 Nf6 2.c4 e6 3.Nc3 Bb4 4.Nf3 b6 5.Bg5 Bb7 6.Nd2 Nc6 7.e3 Ne7 8.f3 Nf5
9.g4 Ne7 10.Rg1 c5 11.a3 cxd4 12.axb4 dxc3 13.bxc3 Ng6 14.e4 Qc7 15.Be3 O-O
16.g5 Nh5 17.Qe2 d5 18.Qf2 dxc4 19.Ra3 Rfd8 20.Nxc4 Rd7 21.Nb2 Nhf4 22.Rg4 Rad8
23.Bb5 Bc6 24.Bc4 Ba4 25.Be2 Rd1+ 26.Bxd1 Rxd1+ 27.Nxd1 Nd3+ 28.Kd2 Nxf2
29.Nxf2 Ne5  0-1

[Event "17th CRO-chT 1a"]
[Site "Sibenik CRO"]
[Date "2008.09.27"]
[Round "1"]
[White "Sasikiran,K"]
[Black "Ivanisevic,I"]
[Result "1-0"]
[WhiteElo "2684"]
[BlackElo "2664"]

1.d4 Nf6 2.c4 e6 3.Nc3 Bb4 4.Nf3 c5 5.g3 cxd4 6.Nxd4 Ne4 7.Qd3 Bxc3+ 8.bxc3 Nc5
9.Qf3 d6 10.Bg2 Nbd7 11.O-O Ne5 12.Qf4 Bd7 13.Nb5 Bxb5 14.cxb5 Rc8 15.Be3 O-O
16.h3 Qe7 17.Qd4 f6 18.f4 Nf7 19.Qb4 b6 20.c4 Rc7 21.a4 Nb7 22.Bxb7 Rxb7
23.a5 e5 24.f5 Qc7 25.axb6 axb6 26.Kh2 h5 27.Qb3 Rc8 28.Qd3 Kh7 29.Ra4 Qd7
30.Qd5 Nh6 31.Qe4 Ra7 32.Rfa1 Rxa4 33.Rxa4 Qxf5 34.Qxf5+ Nxf5 35.Bxb6 Nd4
36.Bxd4 exd4 37.Kg2 Kg6 38.Kf3 Kf5 39.b6 Rb8 40.Rb4 Ke5 41.Rb5+ Ke6 42.Ke4 Kd7
43.Kd5 Rb7 44.Rb2 Rb8 45.Rb4 Re8 46.b7 Rb8 47.g4 hxg4 48.hxg4 Kc7 49.Rb2 Kd7
50.Rb6 Kc7 51.Rxd6 Rxb7 52.Re6 Kd8 53.c5 Rb2 54.Kd6 Rc2 55.Re4 Rc4 56.e3  1-0

[Event "Zvenigorodskaya Open A"]
[Site "Zvenigorod RUS"]
[Date "2008.09.29"]
[Round "8"]
[White "Sergienko,S"]
[Black "Tunik,G"]
[Result "0-1"]
[WhiteElo "2432"]
[BlackElo "2490"]

1.d4 Nf6 2.c4 e6 3.Nc3 Bb4 4.Nf3 c5 5.g3 cxd4 6.Nxd4 Ne4 7.Qd3 Qa5 8.Nb3 Nxc3
9.Nxa5 Ne4+ 10.Bd2 Bxd2+ 11.Qxd2 Nxd2 12.Kxd2 Na6 13.Bg2 Rb8 14.Nb3 Ke7 15.Nd4 Nc7
16.Rhc1 d6 17.b4 Bd7 18.Rab1 Rhc8 19.Rc3 e5 20.Nb3 b6 21.Rbc1 Ne6 22.Na1 a5
23.a3 Nd4 24.Nc2 Nxc2 25.R1xc2 Bc6 26.Bd5 axb4 27.axb4 Ra8 28.b5 Bxd5 29.cxd5 Rc5
30.e4 h5 31.h4 g6 32.Ke3 Ra4 33.f3 f5 34.Rc1 Kd7 35.R1c2 Kc7 36.Kd3 Kb7 37.Rc4 fxe4+
38.fxe4 Ra3+ 39.R4c3 Ra1 40.Rxc5 bxc5 41.Rf2 Ra3+ 42.Kc4 Ra4+ 43.Kd3 Kb6
44.Rf6 c4+ 45.Kc3 Kc5 46.Rxg6 Ra3+ 47.Kc2 Rb3 48.g4 hxg4 49.Rxg4 Kd4 50.Rg7 Re3
51.Rc7 Rxe4 52.h5 Rh4 53.Rc6 Rxh5 54.Rxd6 Kc5 55.Rd8 Kd4 56.d6 Rh2+ 57.Kb1 Rh6
58.Kc2 e4 59.Rd7 e3 60.Rd8 Rh2+ 61.Kb1 Rh6 62.Kc2 Re6 63.d7 Re7 64.Kd1 Kd3
65.Ke1 Rh7  0-1

[Event "58th TCh m 1st Div"]
[Site "Borovets BUL"]
[Date "2008.10.03"]
[Round "3"]
[White "Arnaudov,G"]
[Black "Bozov,A"]
[Result "1-0"]
[WhiteElo "2344"]
[BlackElo "2118"]

1.d4 Nf6 2.Nf3 e6 3.c4 Bb4+ 4.Nc3 O-O 5.e3 b6 6.Bd3 Bb7 7.O-O Bxc3 8.bxc3 d6
9.Ne1 Ne4 10.f3 Nf6 11.e4 e5 12.Bg5 h6 13.Bh4 Nc6 14.Nc2 g5 15.Bf2 Nh5 16.g3 Ng7
17.Qe2 Qe7 18.Ne3 Na5 19.Nd5 Qd8 20.Rad1 f6 21.Ne3 Bc8 22.c5 Qe7 23.cxd6 cxd6
24.Nd5 Qf7 25.f4 Bh3 26.Rfe1 Kh8 27.dxe5 dxe5 28.f5 Rad8 29.c4 Nb7 30.c5 Nxc5
31.Bxc5 bxc5 32.Bc4 Qh5 33.Qc2 Qe8 34.Rb1 Rb8 35.Rxb8 Qxb8 36.Rb1 Qd8 37.Qa4 Rf7
38.Qc6 Ne8 39.Qxc5 Nd6 40.Bd3 Rd7 41.Qc6 Nxf5 42.Rb8 Qxb8 43.Qxd7 Qd6 44.Qxa7 Ng7
45.Qe7 Qxe7 46.Nxe7 Ne6 47.a4 Nc5 48.a5 f5 49.a6 fxe4 50.a7 exd3 51.a8=Q+  1-0

[Event "Icelandic Teams 2008-9"]
[Site "Reykjavik ISL"]
[Date "2008.10.04"]
[Round "3"]
[White "Kuzubov,Y"]
[Black "Sulskis,S"]
[Result "1-0"]
[WhiteElo "2578"]
[BlackElo "2562"]

1.d4 Nf6 2.c4 e6 3.Nc3 Bb4 4.Nf3 c5 5.g3 Nc6 6.Bg2 Ne4 7.Bd2 Bxc3 8.bxc3 Nxd2
9.Qxd2 O-O 10.O-O b6 11.Rfd1 Ba6 12.dxc5 Bxc4 13.Ng5 Rc8 14.Ne4 Na5 15.Qxd7 Bxe2
16.Rd2 Qxd7 17.Rxd7 bxc5 18.Re1 Bc4 19.Rxa7 Nc6 20.Ra4 Bd5 21.Nxc5 Ne7 22.Nd7 Bxg2
23.Kxg2 Rfd8 24.Ne5 Ng6 25.c4 Rd4 26.Nxg6 hxg6 27.Rc1 g5 28.Rb4 e5 29.a4 Rc5
30.Ra1 Rd6 31.Kf3 f5 32.a5 e4+ 33.Ke2 Rcc6 34.Ra2 Kf7 35.c5 Rxc5 36.a6 Rdc6
37.Rbb2 f4 38.gxf4 gxf4 39.a7  1-0

[Event "4NCL 2008-9"]
[Site "Sunningdale ENG"]
[Date "2008.10.04"]
[Round "1"]
[White "Blackburn,J"]
[Black "Cox,JohnJ"]
[Result "1-0"]
[WhiteElo "2196"]
[BlackElo "2381"]

1.d4 e6 2.c4 Nf6 3.Nc3 Bb4 4.Nf3 c5 5.g3 cxd4 6.Nxd4 Ne4 7.Bd2 Bxc3 8.Bxc3 Nxc3
9.bxc3 O-O 10.Bg2 Nc6 11.Nb5 b6 12.O-O Bb7 13.Nd6 Rb8 14.Qa4 Ba8 15.Rfd1 Na5
16.Bxa8 Rxa8 17.Rd3 Qc7 18.Rad1 Qc6 19.Qb5 a6 20.Qb4 f5 21.e3 Rfb8 22.Nf7 Qxc4
23.Rxd7 Qxb4 24.cxb4 Nc4 25.Ng5 e5 26.Ne6 Kh8 27.Nc7  1-0

[Event "TCh-AUT 2nd Bundesliga Ost 2008-9"]
[Site "Austria AUT"]
[Date "2008.10.05"]
[Round "3"]
[White "Zetthofer,G"]
[Black "Loidl,F"]
[Result "1/2-1/2"]
[WhiteElo "2273"]
[BlackElo "2218"]

1.d4 Nf6 2.c4 e6 3.Nc3 Bb4 4.Nf3 O-O 5.g3 b6 6.Bg2 Bb7 7.O-O Bxc3 8.bxc3 d6
9.a4 Nbd7 10.a5 Be4 11.Nd2 Bxg2 12.Kxg2 e5 13.e4 Re8 14.Qc2 Qc8 15.Re1 Nf8
16.Nb3 Qe6 17.d5 Qc8 18.Ra2 Ng6 19.Qd3 Qg4 20.Kh1 Nd7 21.f3 Qh3 22.Qf1 Qxf1+
23.Rxf1 Ne7 24.Be3 Nc8 25.Rfa1 Rb8 26.Kg2 Nc5 27.Nd2 Kf8 28.Kf1 Ke7 29.Ke2 Kd7
30.h4 Ne7 31.axb6 axb6 32.h5 f6 33.g4 Rg8 34.Rh1 Ra8 35.Rha1 Rxa2 36.Rxa2 g6
37.hxg6 hxg6 38.Kf1 Rh8 39.Kg2 g5 40.Nf1 Ng6 41.Bxc5 Nf4+ 42.Kg1 bxc5 43.Rh2 Rxh2
44.Kxh2 Ne2 45.Kg2 Nxc3 46.Kf2 Nd1+ 47.Ke2 Nb2 48.Ne3 Na4 49.Kd3  1/2-1/2

[Event "ch-Commonwealth"]
[Site "Nagpur IND"]
[Date "2008.10.05"]
[Round "10"]
[White "Neelotpal,D"]
[Black "Venkatesh,M"]
[Result "1/2-1/2"]
[WhiteElo "2462"]
[BlackElo "2462"]

1.d4 Nf6 2.Nf3 e6 3.c4 Bb4+ 4.Nc3 b6 5.e3 Bb7 6.Bd3 O-O 7.Bd2 d5 8.cxd5 exd5
9.a3 Bd6 10.O-O Nbd7 11.b4 Re8 12.Qb3 Ne4 13.Rac1 a6 14.Rc2 Ndf6 15.Ne2 Qe7
16.Ng3 g6 17.Rfc1 Ng4  1/2-1/2

[Event "Chigorin Memorial"]
[Site "St Petersburg RUS"]
[Date "2008.10.06"]
[Round "4"]
[White "Smirnov,Arte"]
[Black "Zhigalko,S"]
[Result "1/2-1/2"]
[WhiteElo "2460"]
[BlackElo "2592"]

1.d4 Nf6 2.c4 e6 3.Nc3 Bb4 4.Nf3 c5 5.g3 O-O 6.Bg2 cxd4 7.Nxd4 d5 8.cxd5 Nxd5
9.Qb3 Na6 10.O-O Nxc3 11.bxc3 Bc5 12.Qb5 Qe7 13.Nb3 Bd6 14.Bg5 f6 15.Be3 Nc7
16.Qd3 Nd5 17.Bd2 Rd8 18.Rfd1 Bd7 19.Nd4 Bc5 20.Qe4 Rac8 21.Bh3 Re8 22.Be1 b5
23.Rab1 a6 24.a4 Bxd4 25.Qxd4 Rc4 26.Qa7 Bc6 27.Qxe7 Rxe7 28.axb5 Bxb5 29.Rdc1 f5
30.Bf1 Rc8 31.e3 Bc4 32.Ra1 Ra7 33.Rcb1 Kf7 34.Ra4 Bxf1 35.Kxf1 Rc6 36.Rba1 Nf6
37.c4 Ne4 38.Rb1 g5 39.h3 h5 40.g4 Nc5 41.Ra5 fxg4 42.hxg4 hxg4 43.Kg2 Rd7
44.Kg3 Ne4+ 45.Kxg4 Rxc4 46.Kf3 g4+ 47.Kg2 Nc5 48.Rb4 Rxb4 49.Bxb4 Nd3 50.Bc3 Rc7
51.Ra3 e5 52.Kg3 Ke6 53.Ba1 Nc5 54.Kxg4 Kd5 55.f4 exf4  1/2-1/2

[Event "1st WMSG Rapid Pair"]
[Site "Beijing CHN"]
[Date "2008.10.09"]
[Round "1"]
[White "Socko,B"]
[Black "Paragua,M"]
[Result "1/2-1/2"]
[WhiteElo "2631"]
[BlackElo "2526"]

1.d4 Nf6 2.c4 e6 3.Nc3 Bb4 4.Nf3 O-O 5.Bg5 h6 6.Bh4 b6 7.Qc2 Bb7 8.Nd2 d6
9.e3 Nbd7 10.Bd3 c5 11.O-O Bxc3 12.Qxc3 Rc8 13.Rac1 Qc7 14.Rfd1 Rfe8 15.Bb1 Qc6
16.f3 cxd4 17.Qxd4 e5 18.Qc3 d5 19.Bf5 Rcd8 20.cxd5 Qxc3 21.Rxc3 Bxd5 22.Nc4 Bxc4
23.Rxc4 Nc5 24.Rxd8 Rxd8 25.Bxf6 gxf6 26.Rc2 a5 27.Kf2 Rd1 28.h4 Ra1 29.a3 Kg7
30.b4 axb4 31.axb4 Na6 32.Rc6 Nxb4 33.Rxb6 Ra2+ 34.Kg3 Nd5 35.Rb3 Re2 36.e4 Ne3
37.Bh3 Nf1+ 38.Kg4 Ne3+ 39.Kg3 h5 40.Rb1 Kg6  1/2-1/2

[Event "1st WMSG Blitz Team w"]
[Site "Beijing CHN"]
[Date "2008.10.13"]
[Round "3"]
[White "Hoang Thi Bao Tram"]
[Black "Machalova,M"]
[Result "1-0"]
[WhiteElo "2250"]
[BlackElo "2187"]

1.d4 Nf6 2.c4 e6 3.Nc3 Bb4 4.Nf3 O-O 5.e3 d5 6.Bd3 c5 7.O-O Bxc3 8.bxc3 cxd4
9.cxd4 Nc6 10.Rb1 Re8 11.Bb2 b6 12.Rc1 Bb7 13.c5 h6 14.Qa4 bxc5 15.Rxc5 Rc8
16.Rfc1 Ne4 17.Bxe4 dxe4 18.Nd2 Ne7 19.Qxa7 Rxc5 20.Rxc5 Bd5 21.h3 Nc6 22.Qa4 Qb6
23.Rb5 Qc7 24.Nb3 Rb8 25.Rxb8+ Qxb8 26.Ba3 Qb7 27.Bc5 Kh7 28.Bd6 Qb6 29.Bg3 Qb7
30.Kh2 Qb6 31.Qa3 Qb7 32.Qd6 Qa7 33.Nc5 Qxa2 34.Qf4 Qa7 35.Nxe4 Bxe4 36.Qxe4+ Kg8
37.Qxc6 Kh7 38.Qc7 Qxc7 39.Bxc7 Kg6 40.Kg3 Kf5 41.Kf3 f6 42.e4+ Kg6 43.Kf4 Kf7
44.h4 g6 45.g4 h5 46.g5 fxg5+ 47.Kxg5 Kg7 48.d5 exd5 49.exd5 Kf7 50.Be5  1-0

[Event "1st WMSG Rapid Team w"]
[Site "Beijing CHN"]
[Date "2008.10.15"]
[Round "4"]
[White "Hoang Thi Bao Tram"]
[Black "Kosteniuk,A"]
[Result "1/2-1/2"]
[WhiteElo "2250"]
[BlackElo "2525"]

1.d4 Nf6 2.c4 e6 3.Nc3 Bb4 4.Nf3 c5 5.e3 O-O 6.Bd3 d5 7.O-O dxc4 8.Bxc4 Nbd7
9.a3 cxd4 10.exd4 Be7 11.Re1 Nb6 12.Ba2 Bd7 13.Bg5 Bc6 14.Ne5 Nbd5 15.Qd3 Rc8
16.Rad1 Re8 17.Bb1 g6 18.Ba2 Nd7 19.Bxe7 Nxe5 20.dxe5 Nxe7 21.Qh3 Qb6 22.Bxe6 fxe6
23.Qxe6+ Kg7 24.Qf6+ Kg8 25.Qe6+ Kg7 26.Qf6+  1/2-1/2

[Event "28th OIS"]
[Site "Munich GER"]
[Date "2008.10.15"]
[Round "5"]
[White "Markl,M"]
[Black "De Francesco,K"]
[Result "0-1"]
[WhiteElo "2198"]
[BlackElo "2345"]

1.d4 Nf6 2.c4 e6 3.Nc3 Bb4 4.Nf3 Ne4 5.Qc2 f5 6.a3 Bxc3+ 7.bxc3 b6 8.Nd2 Bb7
9.Nxe4 Bxe4 10.Qd2 Bb7 11.Rb1 O-O 12.h4 Nc6 13.Qf4 Na5 14.c5 Be4 15.Rb2 bxc5
16.dxc5 Qf6 17.Rh3 e5 18.Qg5 Qc6 19.Rg3 Rf7 20.f4 Qxc5 21.fxe5 Nc4 22.e6 dxe6
23.Rb4 a5 24.Rxc4 Qxc4 25.Bf4 Qd5 26.c4 Qd4 27.Bd2  0-1

[Event "1st WMSG Rapid Team w KO"]
[Site "Beijing CHN"]
[Date "2008.10.17"]
[Round "2.1"]
[White "Hoang Thi Bao Tram"]
[Black "Kosteniuk,A"]
[Result "1-0"]
[WhiteElo "2250"]
[BlackElo "2525"]

1.d4 Nf6 2.c4 e6 3.Nc3 Bb4 4.Nf3 c5 5.e3 O-O 6.Bd3 d5 7.O-O dxc4 8.Bxc4 Nbd7
9.a3 Bxa3 10.bxa3 b6 11.Be2 Bb7 12.Bb2 Ne4 13.a4 f5 14.Qb3 Qe7 15.Rfd1 Rf6
16.d5 exd5  1-0

[Event "24th ECC"]
[Site "Kallithea GRE"]
[Date "2008.10.18"]
[Round "2"]
[White "Gilbert,Co"]
[Black "Bauduin,E"]
[Result "1-0"]
[WhiteElo "1865"]
[BlackElo "2309"]

1.d4 e6 2.c4 Nf6 3.Nf3 Bb4+ 4.Nc3 b6 5.e3 Bb7 6.Bd3 O-O 7.O-O c5 8.a3 Bxc3
9.bxc3 Ne4 10.Qc2 f5 11.Nd2 Nxd2 12.Bxd2 Nc6 13.Rae1 Qf6 14.Qb2 Rac8 15.e4 Na5
16.exf5 exf5 17.Re5 Qg6 18.d5 Rf6 19.Rfe1 Rcf8 20.Bf4 h6 21.Re7 Qg4 22.Be5 Rg6
23.f3 Qh4 24.Bg3 Qg5 25.Qf2 Nb3 26.f4 Qf6 27.Qc2 Na5 28.Rxd7 Ba6 29.Re6 Qxe6
30.dxe6  1-0

[Event "13th ECC w"]
[Site "Kallithea GRE"]
[Date "2008.10.18"]
[Round "2"]
[White "Danielian,E"]
[Black "Maric,A"]
[Result "1/2-1/2"]
[WhiteElo "2513"]
[BlackElo "2405"]

1.d4 e6 2.c4 Nf6 3.Nc3 Bb4 4.Nf3 O-O 5.Bg5 h6 6.Bh4 d5 7.e3 c5 8.cxd5 exd5
9.dxc5 Nbd7 10.Be2 Qa5 11.O-O Bxc3 12.bxc3 Ne4 13.Rc1 Re8 14.c4 Nc3 15.Qd2 Nxe2+
16.Qxe2 Qxc5 17.cxd5 Qxd5 18.Rfd1 Qa5 19.Nd4 a6 20.Nb3 Qf5 21.Bg3 Nf6 22.Rc7 Ne4
23.Rdc1 Nxg3 24.hxg3 Qg6 25.Nd4 Rb8 26.Qb2 Qd6 27.a4 Bd7 28.Rxb7 Rxb7 29.Qxb7 Bxa4
30.Rc7 Rf8 31.Qa7 Bb5 32.Rc5 Bd3 33.Rc3 Bb5 34.Rc5 Bd3 35.Rc3 Bb5 36.Rc5  1/2-1/2